LEADER 01197nam a2200289 i 4500 001 991001721909707536 008 030717m19831983de b 001 0 ger 020 $a348410354X (Bd. 1) 020 $a348410354X (Bd. 2) 035 $ab12187690-39ule_inst 040 $aBiblioteca Interfacoltà$bita 082 04$a437.02 245 00$a'Liber ordinis rerum' :$bEsse-Essencia-Glossar /$cherausgegeben von Peter Schmitt 260 $aTübingen :$bM. Niemeyer,$c1983 300 $a2 v. ;$c25 cm 440 0$aTexte und Textgeschichte ;$v5/1-2 505 0 $gBd. 1.:$tEinleitung-Text.$g- CXXIX, 753 p. 505 0 $gBd. 2.:$tApparat-Wortregister.$g- 616 p. 650 4$aLingua latina medievale e moderna$vDizionari, glossari, etc. 700 1 $aScmitt, Peter 907 $a.b12187690$b02-04-14$c17-07-03 912 $a991001721909707536 945 $aLE002 Coll. 28.5/1$cV. 1$g1$i2002000277084$lle002$o-$pE0.00$q-$rn$so $t0$u0$v0$w0$x0$y.i12549691$z17-07-03 945 $aLE002 Coll. 28.5/2$cV. 2$g1$i2002000277091$lle002$o-$pE0.00$q-$rn$so $t0$u0$v0$w0$x0$y.i12549708$z17-07-03 996 $aLiber ordinis rerum'$9146003 997 $aUNISALENTO 998 $ale002$b17-07-03$cm$da $e-$fger$gde $h0$i0 LEADER 01296nam 2200337z- 450 001 9910694378903321 005 20070719084347.0 035 $a(CKB)5860000000017460 035 $a(BIP)015350216 035 $a(EXLCZ)995860000000017460 100 $a20220406c2007uuuu -u- - 101 0 $aeng 200 14$aThe administration's fiscal year 2008 research and development budget proposal $ehearing before the Committee on Science and Technology, House of Representatives, One Hundred Tenth Congress, first session, February 14, 2007 215 $a1 online resource (iii, 59 p.) 311 $a0-16-078599-5 517 $aAdministration's Fiscal Year 2008 Research and Development Budget Proposal 606 $aScience and state$zUnited States 606 $aTechnology and state$zUnited States 606 $aFederal aid to research$zUnited States 610 $aScience and state 610 $aTechnology and state 610 $aFederal aid to research 610 $aUnited States 610 $aPolitical science 615 0$aScience and state 615 0$aTechnology and state 615 0$aFederal aid to research 906 $aBOOK 912 $a9910694378903321 996 $aThe administration's fiscal year 2008 research and development budget proposal$93173094 997 $aUNINA LEADER 06752nam 22005293 450 001 9911021978203321 005 20250905080656.0 010 $a1-394-40172-8 010 $a1-394-40170-1 010 $a1-394-40171-X 035 $a(CKB)40377777800041 035 $a(MiAaPQ)EBC32272777 035 $a(Au-PeEL)EBL32272777 035 $a(OCoLC)1535413030 035 $a(EXLCZ)9940377777800041 100 $a20250905d2025 uy 0 101 0 $aeng 135 $aur||||||||||| 181 $ctxt$2rdacontent 182 $cc$2rdamedia 183 $acr$2rdacarrier 200 10$aMulti-Physics Optimization $eMechanics, Fluid Interaction Structure, Shaping, Stochastic Finite Elements, Random Vibrations, Fatigue 205 $a1st ed. 210 1$aNewark :$cJohn Wiley & Sons, Incorporated,$d2025. 210 4$dİ2025. 215 $a1 online resource (276 pages) 225 1 $aISTE Invoiced Series 311 08$a1-83669-031-2 327 $aCover -- Title Page -- Copyright Page -- Contents -- Preface -- Chapter 1. Introduction to Optimization in Mechanics -- 1.1. Introduction -- 1.2. Problems of general dynamics -- 1.2.1. Finite element methods -- 1.2.2. Modal assumption method -- 1.2.3. Direct integration -- 1.3. Structural optimization -- 1.3.1. Design optimization -- 1.3.2. Shape optimization -- 1.3.3. Topological optimization -- 1.3.4. Definitions and formulation of an optimization problem -- 1.4. Structures with uncertain parameters -- 1.4.1. Monte Carlo simulation -- 1.4.2. Analytical method -- 1.4.3. Stochastic finite element method -- 1.4.4. Fuzzy logic method -- 1.4.5. Bibliography study of reliability methods -- 1.4.6. Bibliography study of reliability optimization methods -- 1.5. Conclusion -- Chapter 2. Modal Synthesis and Reliability Optimization Methods -- 2.1. Introduction -- 2.2. State of the art of modal synthesis methods -- 2.2.1. Introduction -- 2.2.2. Model reduction method for elastodynamic systems -- 2.2.3. Fixed-interface method (Craig Bampton) -- 2.2.4. Reduction of junction degrees of freedom -- 2.3. Coupling of modal synthesis and RBDO methods -- 2.4. Numerical application -- 2.4.1. L-Plate embedded at the ends -- 2.4.2. Analysis of results -- 2.4.3. A vibrating connecting rod -- 2.4.4. Application: transient model reduction -- 2.5. Conclusion -- Chapter 3. Modal Synthesis Methods and Stochastic Finite Element Methods -- 3.1. Introduction -- 3.2. Linear dynamical problems -- 3.2.1. Equations of motion -- 3.2.2. Solution in transient state -- 3.2.3. Solution in the harmonic domain -- 3.2.4. Direct integration -- 3.3. Modal synthesis methods -- 3.3.1. Introduction -- 3.3.2. Substructure assembly technique -- 3.3.3. Fixed-interface method -- 3.3.4. MacNeal's open-interface method -- 3.3.5. Open interface method -- 3.3.6. Hybrid method. 327 $a3.3.7. Reduction of junction d.o.f -- 3.4. Stochastic finite element methods -- 3.4.1. Introduction -- 3.4.2. Discretization of random fields -- 3.4.3. Methods for calculating moments -- 3.5. Conclusion -- Chapter 4. Fatigue and Reliability Optimization for Structures Subjected to Random Vibrations -- 4.1. Introduction -- 4.2. Fatigue damage analysis -- 4.2.1. Formulations and developments -- 4.2.2. Strategy for the fatigue damage analysis -- 4.3. Reliability optimization of structures subjected to random vibrations -- 4.3.1. Deterministic optimization -- 4.3.2. Reliability-based design optimization (RBDO) -- 4.3.3. Reliability optimization of structures subjected to random vibrations -- 4.4. Applications -- 4.4.1. Problem description -- 4.4.2. Results and discussion -- 4.5. Conclusion -- Chapter 5. Optimization and Shaping -- 5.1. Introduction -- 5.2. Different approaches to process optimization -- 5.3. Characterization of forming processes by objective functions -- 5.4. Deterministic and probabilistic optimization of a T-shaped tube -- 5.4.1. Selection of objective function and definition of constraints -- 5.4.2. Deterministic formulation of the optimization problem -- 5.4.3. Probabilistic formulation of the optimization problem -- 5.4.4. Sensitivity of optimums to uncertainties -- 5.5. Deterministic and reliable optimization of a tube with two expansion areas -- 5.5.1. Deterministic formulation of the optimization problem -- 5.5.2. Reliability formulation of the optimization problem -- 5.5.3. Numerical results -- Chapter 6. Reliability and FSI Optimization -- 6.1. Introduction -- 6.2. Reliability optimization in mechanics -- 6.2.1. Deterministic optimization -- 6.2.2. Different approaches to RBDO -- 6.2.3. Traditional approach -- 6.2.4. Hybrid approach -- 6.2.5. Hybrid frequency approach -- 6.3. Safest point (SP) method. 327 $a6.4. Numerical simulation -- 6.4.1. Reliability calculation for an aircraft wing -- 6.4.2. RBDO application to the aircraft wing -- Chapter 7. Reliability-based Optimization for Dental Implants -- 7.1. Introduction -- 7.2. Stochastic approach -- 7.2.1. Monte Carlo (MC) method -- 7.2.2. Generalized polynomial chaos (GPC) method -- 7.3. Deterministic design optimization -- 7.4. Reliability-based design optimization (RBDO) -- 7.4.1. Traditional method -- 7.4.2. Optimal safety factor (OSF) using GPC -- 7.5. Numerical result -- 7.5.1. 2D dental implant -- 7.6. Conclusion -- Appendices -- Appendix 1. Binomial Distribution -- Appendix 2. Geometric Distribution -- Appendix 3. Poisson Distribution -- Appendix 4. Exponential Distribution -- Appendix 5. Normal Distribution -- Appendix 6. Log-Normal Distribution -- Appendix 7. Weibull Distribution -- Appendix 8. Pareto Distribution -- Appendix 9. Extreme Value Distribution -- Appendix 10. Asymptotic Distributions -- Appendix 11. Introduction to Optimization -- Appendix 12. Notion of Statistics -- References -- Index -- Other titles from ISTE in Mechanical Engineering and Solid Mechanics -- EULA. 330 $aThis book illustrates, in detail, the state of the art in the multidisciplinary science of multi-physics optimization.In a context of the perpetual search for improved industrial competitiveness, the evolution of product design and optimization methods and tools appears to be a strategic necessity in view of the imperative to reduce costs. 410 0$aISTE Invoiced Series 606 $aSCIENCE / Mechanics / Solids$2bisacsh 606 $aTECHNOLOGY & ENGINEERING / Mechanical$2bisacsh 615 7$aSCIENCE / Mechanics / Solids 615 7$aTECHNOLOGY & ENGINEERING / Mechanical 676 $a620.00452 700 $aEl Hami$b Abdelkhalak$0930844 701 $aEid$b Mohamed$01846338 801 0$bMiAaPQ 801 1$bMiAaPQ 801 2$bMiAaPQ 906 $aBOOK 912 $a9911021978203321 996 $aMulti-Physics Optimization$94430635 997 $aUNINA